02326cam a22002771i 4500003000900000005001700009008004100026040003300067082002200100090002500122100009000147245016000237264005000397264004200447300002900489336003600518337003500554338002900589650005500618856060200673856058701275942001701862949003401879952012001913999001502033SA-RiAUC20250126081217.0250125s1962 iq g 00000cara c aSA-RiAUCbaracSA-RiAUCerda04a922.581qSA-RiAUC a922.581bا ب ن ق1 aابن قطلوبغا، قاسم بن قطلوبغا،d802-879 هجريeمؤلف.10aتاج التراجم في طبقات الحنفية /cزين الدين أبو العدل قاسم بن قطلوبغا السودوني الجمالي. 1aبغداد :bمكتبة المثني،c1962 3aبغداد :bمطبعة العاني a134 صفحة ؛c24 سم aنصbtxt2rdacontent3كتاب aبدون وسيطbn2rdamedia aمجلدbnc2rdacarrier 7aالفقهاء الأحنافvتراجم2aucsh uhttp://www.alwaraq.net/Core/AlwaraqSrv/bookpage?book=2020&option=1&fkey=2&page=1yDigital Copy2 نرجو الانتباه لإمكانية وجود اختلاف في الطبعة أو الناشر بين البيانات على البوابة وما ستجده على الكتاب نظرا لمحدودية المعلومات المتاحة على الموقع الناشر للمادة.3Please note that there may be a difference in the edition or publisher between the data on the portal and the book due to the limited information available on the publisher website for the material. uhttp://www.alwaraq.net/Core/waraq/coverpage?bookid=2020&option=1yExternal Link2 نرجو الانتباه لإمكانية وجود اختلاف في الطبعة أو الناشر بين البيانات على البوابة وما ستجده على الكتاب نظرا لمحدودية المعلومات المتاحة على الموقع الناشر للمادة.3Please note that there may be a difference in the edition or publisher between the data on the portal and the book due to the limited information available on the publisher website for the material. 2ddccBOOKn0 aSA-JeALMd250125uosman123n1 00102ddc4070aWAHABbWAHABd2025-01-26l0o922.581 ا ب ن قp000008519r2025-01-26 08:12:48w2025-01-26yBOOK c5261d5261